000 01068nam a2200313Ia 4500
003 OSt
005 20221006160600.0
006 a|||||r|||| 00| 0
007 ta
008 221006b |||||||| |||| 00| 0 eng d
020 _a9781107031982
_c795.00
024 _a45,547
037 _b5744, 20/03/2015, Orange Books International
_cTextual
040 _aEASL
_cEASL
_beng
041 _2eng
_aeng
082 _aV41:19.P10, Q1
100 _aGilboy George J. etc.
_9674248
245 0 _aChinese and Indian strategic behavior
_b Growing power and alarm
260 _aCambridge
_bCambridge University Press
_c2011
300 _a376p.
_ccm.
490 _v CEL
650 _a China - Foreign economic relations
_9649996
650 _a China - Military policy
_9643547
650 _a India - Foreign relations
_928675
650 _a India - Military policy
_9651927
650 _aChina - Foreign relations
942 _hV41:19.P10, Q1
_cTEXL
_2CC
999 _c1113639
_d1113639